Informační management 2 : Organizace a management podnikového zpracování informací

Uložené v:
Podrobná bibliografia
Hlavný autor: Sokolowsky, Peter (Autor)
Médium: Kniha
Jazyk:Czech
Vydavateľské údaje: Praha : Univerzita Karlova, 2002
Vydanie:2. vyd
Predmet:
On-line prístup:OBSAH
Tagy: Pridať tag
Žiadne tagy, Buďte prvý, kto otaguje tento záznam!

MARC

LEADER 00000nam a22000003a 4500
001 stu143525
005 20150617225952.1
008 070724s2002----xr------------------cze-d
020 |a 80-246-0501-5 
040 |a STU  |b slo 
041 0 |a cze 
044 |a xr 
080 |a 004  |7 stu_us_auth*stu9200 
100 1 |a Sokolowsky, Peter  |4 aut 
245 1 |a Informační management 2 :  |b Organizace a management podnikového zpracování informací 
250 |a 2. vyd 
260 |a Praha :  |b Univerzita Karlova,  |c 2002 
300 |a 86 s 
650 7 |a informačný manažment  |2 stusub 
650 7 |a informačné technológie  |2 stusub 
650 7 |a informačné systémy  |2 stusub 
856 4 |a https://sweb.mtf.stuba.sk/obsahy/organizace_a_management_podnikoveho_zpracovani_informaci_02.pdf  |u https://sweb.mtf.stuba.sk/obsahy/organizace_a_management_podnikoveho_zpracovani_informaci_02.pdf  |3 OBSAH 
996 |b 284M076632  |c M*S-1370-1  |l MMKN  |s A  |a 24  |w stu143525_0001 
996 |b 284M076633  |c M*S-1370-2  |l MMKN  |s A  |a 24  |w stu143525_0002